000
00326nam a2200145Ia 4500
008
150201s2012 xx 000 0 und d
082
_a
610
_b
A12M
100
_a
MUNJAL , YP.
245
_a
API TB OF MEDICIME-1
250
_a
9TH
260
_b
API
_a
INDIA
_c
2012
300
_a
1-1038
650
_a
MEDICINE
942
_2
ddc
_c
BK
_0
4
999
_c
1432
_d
1432